The Lion King Franchise - Statistics

General Stats
  • This quiz has been taken 39 times
  • The average score is 9 of 43
Answer Stats
Type Year Name Info % Correct
Film 1994 The Lion King Disney
100%
Video Game 1994 The Lion King Virgin Interactive Entertainment
100%
Musical 1997-Present The Lion King Elton John
100%
Film 2019 The Lion King Disney
100%
Film 1998 The Lion King II: Simba's Pride Disney
89%
Film 2004 The Lion King 1½ Disney
75%
TV Show 2015-Present The Lion Guard Disney Channel / Disney Junior
68%
TV Show 1995-1999 The Lion King's Timon & Pumbaa CBS / Toon Disney
61%
TV Film 2015 The Lion Guard: Return of the Roar Disney
11%
Book 1994 A Snake in the Grass Leslie McGuire
7%
Book 1994 A Tale of Two Brothers Alex Simmons
7%
Theme Park Attraction 1995-2018 Circle of Life: An Environmental Fable Disney World
7%
Book 1994 Follow the Leader Page McBrier
7%
Book 1994 How True, Zazu? Leslie McGuire
7%
Book 1994 Nala's Dare Joanne Barkan
7%
Album 2019 The Lion King: The Gift Beyoncé
7%
Book 1994 Vulture Shock Judy Katschke
7%
Video Game 1994 Disney's Animated Storybook: The Lion King Disney Interactive
4%
Video Game 1995 Disney's The Lion King Activity Center Disney Interactive
4%
Theme Park Attraction 1998-Present Festival of the Lion King Disney World / Hong Kong Disneyland
4%
Theme Park Attraction 1994-2002 Legend of the Lion King Disney World
4%
TV Mini-Series 2016 Lion Guard: It's Unbungalievable! Disney Junior / Disneynature
4%
Album 1995 Rhythm of the Pride Lands Lebo M
4%
Short Film 2009 Safety Smart: About Fire! Disney
4%
Short Film 2008 Safety Smart: At Home! Disney
4%
Short Film 2009 Safety Smart: Goes Green! Disney
4%
Short Film 2010 Safety Smart: Healthy and Fit! Disney
4%
Short Film 2013 Safety Smart: Honest and Real! Disney
4%
Short Film 2009 Safety Smart: In the Water! Disney
4%
Short Film 2012 Safety Smart: Online! Disney
4%
Short Film 2013 Safety Smart: On the Go! Disney
4%
Theme Park Attraction 2019-Present Tale of the Lion King Disneyland
4%
Theme Park Attraction 2004-2009 The Legend of the Lion King Disneyland Paris
4%
Video Game 2003 The Lion King 1½ Disney Interactive
4%
Theme Park Attraction 1994-1997 The Lion King Celebration Disneyland
4%
Theme Park Attraction 2019-Present The Lion King: Rhythms of the Pride Lands Disneyland Paris
4%
Video Game 2000 The Lion King: Simba's Mighty Adventure Activision
4%
Video Game 1995 Timon & Pumbaa's Jungle Games THQ
4%
Short Film 2004 Why Does an Airplane Fly? Disney
4%
Short Film 2004 Why Don't Pandas Live in the Desert? Disney
4%
Short Film 2004 Why Do We Sneeze? Disney
4%
Short Film 2004 Why Is There Thunder and Lightning? Disney
4%
Short Film 2004 Why Is There Wind? Disney
4%
No matching quizzes found
Score Distribution
Percent of People with Each Score
Percentile by Number Answered
Your Score History
You have not taken this quiz